Les cloches de Corneville (Record no. 170377)

MARC details
000 -LEADER
campo de control de longitud fija 00742nam a22002055i 4500
001 - NÚMERO DE CONTROL
campo de control 170377
003 - IDENTIFICADOR DE NÚMERO DE CONTROL
campo de control ES-MaACL
005 - FECHA Y HORA DE LA ÚLTIMA TRANSACCIÓN
campo de control 20230906214354.0
008 - DATOS DE LONGITUD FIJA--INFORMACIÓN GENERAL
campo de control de longitud fija 090227s1932 fr |||| | fre d
080 ## - NÚMERO DE LA CLASIFICACIÓN DECIMAL UNIVERSAL
Número de la Clasificación Decimal Universal 782.6
100 0# - ENTRADA PRINCIPAL--NOMBRE DE PERSONA
Nombre de persona Clairville.
9 (RLIN) 138014
245 14 - MENCIÓN DEL TÍTULO
Título Les cloches de Corneville
Resto del título : opéra-comique en trois actes et quatre tableaux et un ballet /
Mención de responsabilidad, etc. par Clairville & Ch. Gabet ; musique de Robert Planquette.
250 ## - MENCION DE EDICION
Mención de edición 58 éme. ed.
260 ## - PUBLICACIÓN, DISTRIBUCIÓN, ETC.
Lugar de publicación, distribución, etc. Paris :
Nombre del editor, distribuidor, etc. C. Joubert & Cie.,
Fecha de publicación, distribución, etc. 1932.
300 ## - DESCRIPCIÓN FÍSICA
Extensión 112 p. ;
Dimensiones 18 cm.
650 14 - PUNTO DE ACCESO ADICIONAL DE MATERIA--TÉRMINO DE MATERIA
Término de materia o nombre geográfico como elemento de entrada Operetas-
Subdivisión de forma Libretos.
9 (RLIN) 139352
700 1# - ENTRADA AGREGADA--NOMBRE PERSONAL
Nombre de persona Gabet, Charles.
9 (RLIN) 138042
700 1# - ENTRADA AGREGADA--NOMBRE PERSONAL
Nombre de persona Planquette, Robert.
9 (RLIN) 131213
852 ## - LOCALIZACIÓN
Ubicación ES-MaACL
Número de control de estantería 2250-F-19
itemnumber R.141021
Nota libre .- Biblioteca Jacinto Martínez Lacalle
Holdings
Estatus retirado Estado de pérdida Estado de daño No para préstamo Colección Biblioteca de origen Biblioteca actual Ubicación en estantería Fecha de adquisición Fuente de adquisición Total de préstamos Signatura topográfica completa Código de barras Visto por última vez Precio de reemplazo Tipo de ítem Koha
        Colección de folletos Biblioteca del Ateneo de Madrid Biblioteca del Ateneo de Madrid Depósito folletos 27/02/2009     2250-F-19 1178864 23/02/2023 23/02/2023 Folleto